| 000 | 01603nam a2200373 i 4500 | ||
|---|---|---|---|
| 003 | DO-SdBNP | ||
| 005 | 20240426151709.0 | ||
| 007 | ta | ||
| 008 | 240426s2023 dr ac 000 0 spa d | ||
| 020 | _a9789945179514 | ||
| 040 |
_aDO-SdBNP _bspa _cBNPHU _erda |
||
| 082 |
_222 _bM425 |
||
| 245 | 0 | 0 |
_aMatemáticas 5 : _beducación secundaria. / _cdirección editorial Denise Pineda Martínez : ilustraciones Francisco López, Wi-Hen Fung Caridad, Oscar Cabrera Espinoza, Tomás Reyes Reyes, Osvaldo Torres Ruiz |
| 264 | 1 |
_aSanto Domingo, : _bSM, _c2023. |
|
| 300 |
_a287 páginas _bilustraciones, retratos _c28 cm. |
||
| 336 |
_2rdacontent _atexto _btxt |
||
| 337 |
_2rdamedia _asin mediación _bn |
||
| 338 |
_2rdacarrier _avolumen _bnc |
||
| 490 | 1 |
_aSavia _v5 |
|
| 500 | _aEducación secundaria. | ||
| 500 | _aEl libro Matemática del proyecto Savia forma parte del proyecto editorial de Educación Secundaria de SM. | ||
| 500 | _aLa fundación SM destina los beneficios de las empresas SM a programas culturales y educativos, con especial atención a los colectivos más desfavorecidos. | ||
| 500 | _aIncluye glosario. | ||
| 504 | _aBibliografía p: 287 | ||
| 590 | _aInventariado, 2024/ YL | ||
| 700 | 1 |
_aPineda Martínez, Denise _edirección _974837 |
|
| 700 | 1 |
_aLópez, Francisco _eilustraciones _923171 |
|
| 700 | 1 |
_aFung Caridad, Wi-Hen _eilustraciones _985344 |
|
| 700 | 1 |
_aCabrera Espinoza, Oscar _eilustraciones _985345 |
|
| 700 | 1 |
_aReyes Reyes, Tomás _eilustraciones _985346 |
|
| 700 | 1 |
_aTorres Ruiz, Osvaldo _eilustraciones _974843 |
|
| 910 | _aYLockward | ||
| 942 |
_2ddc _cLBS1 |
||
| 999 |
_c56539 _d56539 |
||